LEADER 01217nam 2200409 450 001 9910578578903321 005 20221004213128.0 010 $a88-229-1170-9 035 $a(CKB)4100000011677494 035 $a(NjHacI)994100000011677494 035 $a(EXLCZ)994100000011677494 100 $a20221004d2020 uy 0 101 0 $aita 135 $aur||||||||||| 181 $ctxt$2rdacontent 182 $cc$2rdamedia 183 $acr$2rdacarrier 200 10$a#CURACITTA? NAPOLI $eSalubrita? e natura nella citta? collinare /$fPasquale Miano, Adriana Bernieri 205 $aFirst edition. 210 4$d©2020 210 1$a[Place of publication not identified] :$cQuodlibet,$d2020. 215 $a1 online resource (312 pages) 311 $a88-229-0554-7 320 $aIncludes bibliographical references and index. 517 $a#CURACITTÀ NAPOLI 517 $a#CURACITTÀ NAPOLI 606 $aUrban health 615 0$aUrban health. 676 $a307.120945 700 $aMiano$b Pasquale$010026 702 $aBernieri$b Adriana 801 0$bNjHacI 801 1$bNjHacl 906 $aBOOK 912 $a9910578578903321 996 $aCURACITTA? NAPOLI$92937795 997 $aUNINA LEADER 01718nam 2200433 450 001 9910827066003321 005 20230126214508.0 010 $a2-335-16544-5 035 $a(CKB)3710000000728457 035 $a(EBL)4569872 035 $a(MiAaPQ)EBC4569872 035 $a(Au-PeEL)EBL4569872 035 $a(CaPaEBR)ebr11231085 035 $a(OCoLC)952932957 035 $a(EXLCZ)993710000000728457 100 $a20160711h20152015 uy 0 101 0 $afre 135 $aur|n|---||||| 181 $2rdacontent 182 $2rdamedia 183 $2rdacarrier 200 10$aParis partout /$fNe?re?e De?sarbres 210 1$a[Place of publication not identified] :$cLigaran,$d2015. 210 4$d©2015 215 $a1 online resource (72 p.) 300 $a"Livre nume?rique"--Cover. 327 $aIntro; Page de titre; Paris a? table; Paris en voiture; Paris a? la Bourse; Paris au the?a?tre; Paris a? la campagne; Paris aux eaux; Paris a? Clichy; Villa Ombrosa; Le caveau; Bric a? brac; Page de Copyright; I; II; III; IV; V; VI; VII; VIII; IX; X; XI; XII; I; II; III; IV; V; VI; VII; VIII; I; II; III; IV; V; VI; VII; VIII; IX; I; II; III; IV; V; VI; VII; VIII; I; II; III; IV; V; VI; VII; VIII; IX; X; XI; XII; I; II; III; IV; V; VI; VII; VIII; IX; V; XI; Songe d'une nuit parisienne; I; II; III; IV; V; VI 606 $aManners and customs 607 $aParis (France)$xSocial life and customs$y19th century 615 0$aManners and customs. 676 $a944.36106 700 $aDe?sarbres$b Ne?re?e$0529524 801 0$bMiAaPQ 801 1$bMiAaPQ 801 2$bMiAaPQ 906 $aBOOK 912 $a9910827066003321 996 $aParis partout$94037558 997 $aUNINA